| 000 | 00544nam a2200169 i 4500 | ||
|---|---|---|---|
| 001 | 106893 | ||
| 003 | ES-MaACL | ||
| 005 | 20230906184313.0 | ||
| 007 | t| | ||
| 008 | 061121s1949 sp a |||| | spa d | ||
| 100 | 1 |
_aMora Bautista, J. _982870 |
|
| 245 | 1 | 0 |
_aTodos taquígrafos _b: el más sencillo, rápido y legible sistema silábico de taquigrafía / _cJ. Mora Bautista. |
| 260 |
_aGranada : _b[s.n.], _c1949 ( _fTip. A, Márquez) |
||
| 300 |
_a63 p. : _bil. ; _c21 cm. |
||
| 650 | 0 | 4 |
_aTaquigrafía. _917284 |
| 852 |
_aES-MaACL _j1894-F-11 |
||
| 999 |
_c106893 _d106893 |
||